000 00339nam a22001217a 4500
008 230619b xxu||||| |||| 00| 0 eng d
082 _a136.48
_bCAR
100 _cCarothers, John Colin
245 _aThe African Mind in Health and Disease
_bA Study in Ethnopsychiatry
260 _aSwitzerland
_bWHO
_c1953
300 _a175p
942 _2ddc
_cBK
999 _c1151
_d1151